|
|
|
|
| LEADER |
01092nam a22003018a 4500 |
| 001 |
000015038 |
| 003 |
11409 |
| 005 |
20120521150510.0 |
| 008 |
120521s2005 b 000 0 vieod |
| 020 |
|
|
|c 82700
|d 1000b
|
| 041 |
0 |
|
|a vie
|
| 080 |
|
|
|a 3K5H
|
| 082 |
|
|
|a 959.7003
|b Tưđ
|
| 084 |
|
|
|a A371
|b CH500T
|
| 245 |
1 |
0 |
|a Từ điển nhân vật lịch sử Việt Nam
|c Đinh Xuân Lâm; Trương Hữu Quýnh; Phan Đại Doãn; Chương Thâu; Bùi Tuyết Hương
|
| 250 |
|
|
|a Tái bản lần thứ nhất có chỉnh lí, bổ sung
|
| 260 |
|
|
|a Quảng Nam
|b Giaó dục
|c 2005
|
| 300 |
|
|
|a 647 tr.
|b hình ảnh
|c 24 cm.
|
| OWN |
|
|
|a LSP
|
| AVA |
|
|
|a UDN50
|b LSP
|d 959.7003 Tưđ
|e available
|t Error 5001 Not defined in file expand_doc_bib_avail.
|f 1
|g 0
|h N
|i 0
|k 1
|
| 999 |
|
|
|a From the UDN01
|
| AVA |
|
|
|a UDN50
|b LSP
|d 959.7003 Tưđ
|e available
|t Error 5001 Not defined in file expand_doc_bib_avail.
|f 1
|g 0
|h N
|i 0
|k 1
|
| TYP |
|
|
|a Monograph
|
| TYP |
|
|
|a Printed language
|
| 980 |
|
|
|a Mạng thư viện Đại học Đà Nẵng
|